El nuevo Código penal de la Argentina / (Record no. 79614)

MARC details
000 -LEADER
campo de control de longitud fija 00406nam a2200145 i 4500
001 - NÚMERO DE CONTROL
campo de control 79614
003 - IDENTIFICADOR DE NÚMERO DE CONTROL
campo de control ES-MaACL
007 - CAMPO FIJO DE DESCRIPCIÓN FÍSICA--INFORMACIÓN GENERAL
campo de control de longitud fija t|
008 - DATOS DE LONGITUD FIJA--INFORMACIÓN GENERAL
campo de control de longitud fija 041022s1922 ag ||||1| spa d
100 1# - ENTRADA PRINCIPAL--NOMBRE DE PERSONA
Nombre de persona Herrera, Julio.
9 (RLIN) 63207
245 13 - MENCIÓN DEL TÍTULO
Título El nuevo Código penal de la Argentina /
Mención de responsabilidad, etc. Julio Herrera.
260 ## - PUBLICACIÓN, DISTRIBUCIÓN, ETC.
Lugar de publicación, distribución, etc. [Córdoba (Argentina) :
Nombre del editor, distribuidor, etc. Biffignandi,
Fecha de publicación, distribución, etc. 1922]
300 ## - DESCRIPCIÓN FÍSICA
Extensión 142 p. ;
Dimensiones 18 cm.
852 ## - LOCALIZACIÓN
Ubicación ES-MaACL
Número de control de estantería G-14276
Holdings
Estatus retirado Estado de pérdida Estado de daño No para préstamo Biblioteca de origen Biblioteca actual Ubicación en estantería Fecha de adquisición Fuente de adquisición Total de préstamos Signatura topográfica completa Código de barras Visto por última vez Precio de reemplazo Tipo de ítem Koha
        Biblioteca del Ateneo de Madrid Biblioteca del Ateneo de Madrid Sala Pecera Planta 3 17/01/2008     G-14276 1083250 23/02/2023 23/02/2023 Libro impreso